<?xml version="1.0" encoding="UTF-8"?>
<marc:record xmlns:marc="http://www.loc.gov/MARC21/slim">
   <marc:leader>00000nam a2200000 a 4500</marc:leader>
   <marc:datafield ind1=" " ind2=" " tag="653">
      <marc:subfield code="a">Antolin</marc:subfield>
   </marc:datafield>
   <marc:datafield ind1=" " ind2=" " tag="653">
      <marc:subfield code="a">Klasse-1</marc:subfield>
   </marc:datafield>
   <marc:datafield ind1="0" ind2="0" tag="245">
      <marc:subfield code="a">Der kleine Esel und sein Geschenk für Jaki</marc:subfield>
   </marc:datafield>
   <marc:datafield ind1=" " ind2="1" tag="264">
      <marc:subfield code="b">Picus</marc:subfield>
      <marc:subfield code="c">2002</marc:subfield>
   </marc:datafield>
   <marc:datafield ind1="1" ind2=" " tag="520">
      <marc:subfield code="a">|| Österreichischer Kinder- und Jugendbuchpreis 2003 || Nun, jemandem ein Geschenk zu machen, soll ja zu den schönsten Freuden gehören. Und tatsächlich erfüllt es den kleinen Esel mit großem Glück, im Spielzeuggeschäft den wunderschönen roten Drachen auszuwählen. Aber soll er ihn wirklich seinem Freund Jaki zum Geburtstag schenken? Charmant und trickreich versucht der kleine Esel seine Mutter davon zu überzeugen, dass er den Drachen genauso gut behalten könnte. Die Mutter jedoch lässt sich von den kindlichen Ausweichmanövern nicht täuschen und so werden die einzelnen, liebevoll ausgearbeiteten Stationen des Überzeugungsprozesses zu einem Weg der besseren Erkenntnis forterzählt. Die verhalten und sparsam gesetzten grafischen Details eröffnen den Blick in eine kindliche Seelenlandschaft und regen zur Entdeckung und Entschlüsselung an.</marc:subfield>
   </marc:datafield>
   <marc:datafield ind1=" " ind2=" " tag="020">
      <marc:subfield code="a">9783854528593</marc:subfield>
      <marc:subfield code="9">9783854528593</marc:subfield>
   </marc:datafield>
</marc:record>
